Crisis & trauma counseling : (Record no. 20083)

MARC details
000 -LEADER
fixed length control field 00450nam a22001337a 4500
008 - FIXED-LENGTH DATA ELEMENTS--GENERAL INFORMATION
fixed length control field 230317b |||||||| |||| 00| 0 eng d
020 ## - INTERNATIONAL STANDARD BOOK NUMBER
International Standard Book Number 978-9966201546
050 ## - LIBRARY OF CONGRESS CALL NUMBER
Classification number BF636.6
Item number .M85 2009
100 ## - MAIN ENTRY--PERSONAL NAME
Personal name Mwiti, Gladys K.
245 ## - TITLE STATEMENT
Title Crisis & trauma counseling :
Remainder of title Task-shifting for community restoration, resilience and renewal/
Statement of responsibility, etc. Gladys K. Mwiti
260 ## - PUBLICATION, DISTRIBUTION, ETC. (IMPRINT)
Place of publication, distribution, etc. Nairobi, kenya
Name of publisher, distributor, etc. Evangel publishing house
Date of publication, distribution, etc. 2009
300 ## - PHYSICAL DESCRIPTION
Extent xxii, 322p.
942 ## - ADDED ENTRY ELEMENTS (KOHA)
Source of classification or shelving scheme Library of Congress Classification
Koha item type General Collection
Holdings
Withdrawn status Lost status Source of classification or shelving scheme Not for loan Home library Current library Date acquired Cost, normal purchase price Inventory number Total Checkouts Full call number Barcode Date last seen Copy number Price effective from Koha item type
    Library of Congress Classification   Kabarak, Main Campus Kabarak, Main Campus 17/03/2023 1300.00 0329/2022   BF636.6 .M85 2009 C.1 031778 02/08/2024 C.1 17/03/2023 General Collection
Designed with assistance from East African Informatics Ltd